First 100 Asteroids - Statistics

General Stats
  • This quiz has been taken 46 times
  • The average score is 14 of 100
Answer Stats
Minor planet designation Answer % Correct
1 Ceres
100%
4 Vesta
91%
3 Juno
78%
2 Pallas
78%
10 Hygiea
48%
16 Psyche
43%
5 Astraea
39%
8 Flora
35%
7 Iris
35%
52 Europa
30%
6 Hebe
30%
85 Io
30%
9 Metis
30%
19 Fortuna
26%
22 Kalliope
26%
87 Sylvia
26%
100 Hekate
22%
42 Isis
22%
90 Antiope
17%
41 Daphne
17%
48 Doris
17%
31 Euphrosyne
17%
14 Irene
17%
21 Lutetia
17%
20 Massalia
17%
93 Minerva
17%
24 Themis
17%
12 Victoria
17%
28 Bellona
13%
34 Circe
13%
13 Egeria
13%
15 Eunomia
13%
37 Fides
13%
40 Harmonia
13%
18 Melpomene
13%
44 Nysa
13%
25 Phocaea
13%
26 Proserpina
13%
17 Thetis
13%
88 Thisbe
13%
30 Urania
13%
47 Aglaja
9%
29 Amphitrite
9%
43 Ariadne
9%
36 Atalante
9%
78 Diana
9%
99 Dike
9%
62 Erato
9%
45 Eugenia
9%
27 Euterpe
9%
69 Hesperia
9%
46 Hestia
9%
89 Julia
9%
53 Kalypso
9%
39 Laetitia
9%
38 Leda
9%
35 Leukothea
9%
51 Nemausa
9%
49 Pales
9%
11 Parthenope
9%
33 Polyhymnia
9%
32 Pomona
9%
81 Terpsichore
9%
23 Thalia
9%
50 Virginia
9%
94 Aurora
4%
63 Ausonia
4%
58 Concordia
4%
65 Cybele
4%
60 Echo
4%
79 Eurynome
4%
56 Melete
4%
57 Mnemosyne
4%
71 Niobe
4%
55 Pandora
4%
80 Sappho
4%
91 Aegina
0%
96 Aegle
0%
54 Alexandra
0%
82 Alkmene
0%
64 Angelina
0%
95 Arethusa
0%
67 Asia
0%
83 Beatrix
0%
61 Danaë
0%
59 Elpis
0%
75 Eurydike
0%
72 Feronia
0%
76 Freia
0%
77 Frigga
0%
74 Galatea
0%
98 Ianthe
0%
84 Kilo
0%
97 Klotho
0%
73 Klytia
0%
68 Leto
0%
66 Maja
0%
70 Panopaea
0%
86 Semele
0%
92 Undina
0%
No matching quizzes found
Score Distribution
Percent of People with Each Score
Percentile by Number Answered
Your Score History
You have not taken this quiz